[Event "DEN-ch G5-B"]
[Site "Skorping"]
[Date "2014.04.17"]
[Round "1"]
[White "Johansen, Jorgen"]
[Black "Vestergaard, Svend"]
[Result "1/2-1/2"]
[WhiteElo "1232"]
[BlackElo "1538"]
[PlyCount "48"]
[EventDate "2014.04.17"]
[EventType "swiss"]
[EventRounds "5"]
[EventCountry "DEN"]
[SourceTitle "EXT 2023"]
[Source "ChessBase"]
[SourceDate "2022.10.05"]
[SourceVersion "1"]
[SourceVersionDate "2022.10.05"]
[SourceQuality "1"]

1. d4 Nf6 2. Bf4 e6 3. Nf3 d5 4. e3 Bd6 5. Bxd6 Qxd6 6. a3 0-0 7. c4 dxc4 8. Bxc4 b6 9. Nc3 c6 10. b4 b5 11. Be2 Nbd7 12. 0-0 Bb7 13. Qb1 a5 14. Rd1 axb4 15. Qxb4 Qxb4 16. axb4 Rxa1 17. Rxa1 Ra8 18. Rxa8+ Bxa8 19. h3 Nb8 20. Ne5 Na6 21. Nd3 Kf8 22. Bf3 Nc7 23. Kf1 Ke7 24. e4 Na6 1/2-1/2